Threefold Cord/ (Record no. 206715)
[ view plain ]
| 000 -LEADER | |
|---|---|
| fixed length control field | 00590nam a2200193 4500 |
| 005 - DATE AND TIME OF LATEST TRANSACTION | |
| control field | 20241024150329.0 |
| 010 ## - LCCN (DPL NO) | |
| LC control number | ENG-142420 |
| 020 ## - INTERNATIONAL STANDARD BOOK NUMBER | |
| Terms of availability | 820.00 |
| International Standard Book Number | 9789390746866 |
| 035 ## - SYSTEM CONTROL NUMBER | |
| System control number | EN-125952 |
| 037 ## - SOURCE OF ACQUISITION | |
| Source of stock number/acquisition | DBAD |
| 082 ## - DEWEY DECIMAL CLASSIFICATION NUMBER | |
| Classification number | 181.404 |
| 100 ## - MAIN ENTRY--PERSONAL NAME | |
| Personal name | Nwankwo, Chibuike Nnejiakolam |
| 245 ## - TITLE STATEMENT | |
| Title | Threefold Cord/ |
| Remainder of title | Chibuike Nnejiakolam Nwankwo |
| 250 ## - EDITION STATEMENT | |
| Edition statement | First |
| 260 ## - PUBLICATION, DISTRIBUTION, ETC. (IMPRINT) | |
| Name of publisher, distributor, etc | Exceller Books |
| Place of publication, distribution, etc | Kolkata |
| Date of publication, distribution, etc | 2021 |
| 270 ## - ADDRESS | |
| City | Kolkata |
| Postal code | 700056 |
| Address | G1, Dream Apartment, Degree College Road, Belgharia |
| 300 ## - PHYSICAL DESCRIPTION | |
| Extent | 133p. |
| Dimensions | 23cm(pb) |
| 942 ## - ADDED ENTRY ELEMENTS (KOHA) | |
| Source of classification or shelving scheme | Dewey Decimal Classification |
| Item type | English Books |
| Classification part | 181.404 |
| Call number suffix | NWA |
| Edition | 2021 |
| Withdrawn status | Lost status | Not for loan | Collection code | Home library | Current library | Date acquired | Source of acquisition | Cost, normal purchase price | Full call number | Barcode | Copy number | Cost, replacement price | Koha item type |
|---|---|---|---|---|---|---|---|---|---|---|---|---|---|
| Non-fiction | Bawana | Bawana | 24/10/2024 | DBAD | 820.00 | 181.404 NWA | EN-125952 | 1 | 820.00 | English Books |
